Case Study: BIM Protocol for Skanska (Czech Republic)

Problematika technickej podpory modelu v stavebných projektoch v oblasti BIM (Building Informaton Modeling, informačné modelovanie budov). Požiadavky na plánovanie (protokol BIM), ktoré opisujú technickú pripravenosť modelov, dopĺňanie údajov, zdieľanie informácií, komunikáciu a ďalšie procesy v sta...

Descrizione completa

Salvato in:
Dettagli Bibliografici
Autore principale: Kvirenc, Patrik
Altri autori: Bouška, Robert
Natura: Capitolo di libro
Lingua:inglese
Soggetti:
Tags: Aggiungi Tag
Nessun Tag, puoi essere il primo ad aggiungerne!!

MARC

LEADER 00000naa a2200000 4500
001 0282875
005 20220325141720.5
041 0 |a eng 
044 |a CZ 
245 1 0 |a Case Study: BIM Protocol for Skanska (Czech Republic)  |c Patrik Kvirenc, Robert Bouška 
520 |a Problematika technickej podpory modelu v stavebných projektoch v oblasti BIM (Building Informaton Modeling, informačné modelovanie budov). Požiadavky na plánovanie (protokol BIM), ktoré opisujú technickú pripravenosť modelov, dopĺňanie údajov, zdieľanie informácií, komunikáciu a ďalšie procesy v stavebných projektoch. Vypracovanie protokolu BIM bol pre spoločnosť Skanska Inc., skladajúceho sa z niekoľkých častí. Predstavenie spoločnosti Skanska a jej postavenie v oblasti BIM na českom trhu. Analýza samotného dokumentu s jeho prílohami, pripraveného v spolupráci so spoločnosťou Skanska a vzťahujúceho sa na komerčné a rezidenčné projekty v oblasti výstavby budov. Význam protokolu BIM pri riadení projektov spoločnosti Skanska. 
610 2 0 |a projektovanie 
610 2 0 |a projekty stavebné 
610 2 0 |a projektanti 
610 2 0 |a stavby 
610 2 0 |a stavebníctvo 
610 2 0 |a staviteľstvo inžinierske 
610 2 0 |a štruktúra dát 
610 2 0 |a dokumentácia projektová 
610 2 0 |a modely plánovania 
610 2 0 |a podnik stavebný 
610 2 0 |a Česko 
100 1 |a Kvirenc, Patrik 
700 1 |a Bouška, Robert